All of Foster the People - Statistics

General Stats
  • This quiz has been taken 20 times
    3 since last reset
  • The average score is 14 of 77
Answer Stats
Album Song % Correct
Torches Miss You
100%
Foster The People Pumped Up Kicks
100%
Torches Pumped Up Kicks
100%
Torches Warrant
100%
Torches Call It What You Want
67%
Torches Don't Stop (Color on The Walls)
67%
Foster The People Helena Beat
67%
Torches Helena Beat
67%
Torches I Would Do Anything For You
67%
Torches Life On the Nickel
67%
Torches Waste
67%
Supermodel A Beginner's Guide to Destroying the Moon
33%
Supermodel Are You What You Want To Be?
33%
Supermodel Ask Yourself
33%
Supermodel Coming of Age
33%
More Songs Downtown
33%
Supermodel Fire Escape
33%
Supermodel Goats in Trees
33%
Foster The People Houdini
33%
Torches Houdini
33%
Supermodel Nevermind
33%
Supermodel Pseudologia Fantastica
33%
Other Ruby
33%
Sacred Hearts Club Sit Next to Me
33%
Supermodel Tabloid Super Junkie
33%
Supermodel The Truth
33%
Paradise State Of Mind A Diamond To Be Born
0%
Other All About You
0%
Supermodel Best Friend
0%
Melody & Silence Bittersweet Symphony
0%
Other Blur
0%
Torches Broken Jaw
0%
In the Darkest of Nights, Let the Birds Sing Cadillac
0%
Supermodel Cassius Clay's Pearly Whites
0%
Paradise State Of Mind Chasing Low Vibrations
0%
Torches Chin Music For the Unsuspecting Hero
0%
Melody & Silence Devil's Haircut
0%
III Doing it For the Money
0%
Sacred Hearts Club Doing It For the Money
0%
Other Every Color
0%
Paradise State Of Mind Feed Me
0%
Paradise State Of Mind Glitchzig
0%
Sacred Hearts Club Harden the Paint
0%
Sacred Hearts Club III
0%
Sacred Hearts Club I Love My Friends
0%
Pick U Up Imagination
0%
Other It's Ok To Be Human
0%
In the Darkest of Nights, Let the Birds Sing Lamb's Wool
0%
Paradise State Of Mind Let Go
0%
Paradise State Of Mind Lost in Space
0%
Sacred Hearts Club Lotus Eater
0%
Torches Love
0%
Sacred Hearts Club Loyal Like Sid & Nancy
0%
Sacred Hearts Club Orange Dream
0%
Paradise State Of Mind Paradise State Of Mind
0%
III Pay the Man
0%
Sacred Hearts Club Pay the Man
0%
Pick U Up Pick U Up
0%
Other Polartropic (You Don't Understand Me)
0%
Other Ride or Die
0%
Paradise State Of Mind See You In The Afterlife
0%
III SHC
0%
Sacred Hearts Club SHC
0%
Paradise State Of Mind Sometimes I Wanna Be Bad
0%
Melody & Silence South Side
0%
Sacred Hearts Club Static Space Lover
0%
Pick U Up Style
0%
Paradise State Of Mind Take Me Back
0%
Supermodel The Angelic Welcome of Mr. Jones
0%
Paradise State Of Mind The Holy Shangri-La
0%
In the Darkest of Nights, Let the Birds Sing The Things We Do
0%
Other The Unforeseeable Fate of Mr. Jones
0%
Sacred Hearts Club Time to Get Closer
0%
In the Darkest of Nights, Let the Birds Sing Under the Moon
0%
In the Darkest of Nights, Let the Birds Sing Walk With a Big Stick
0%
Pick U Up Worst Nites
0%
In the Darkest of Nights, Let the Birds Sing Your Heart is My Home
0%
No matching quizzes found
Score Distribution
Percent of People with Each Score
Percentile by Number Answered
Your Score History
You have not taken this quiz since the last reset